000 00756nam a2200217 i 4500
001 164853
003 ES-MaACL
005 20250704063123.0
008 950206s1863 fr |||| | fre d
040 _aCLM
_bspa
_cCCPB | PA2
100 1 _aSavigny, Friedrich Carl von,
_d1779-1861
_9104070
245 1 3 _aLe droit des obligations /
_cpar M. de Savigny ; traduit de l'allemand par C. Gérardin et P. Jozon.
260 _aParis :
_bAuguste Durand,
_c1863 (
_fImprimé par Charles Noblet)
300 _a2 v. ;
_c22 cm.
597 _av.2 (482 p.)
650 4 _aObligaciones (Derecho)
_915660
700 1 _aJozon, Paul (
_d1836-1881)
_9128381
852 _aES-MaACL
_jF-14481-82
_z-- Enc. hol.
999 _c164853
_d164853